[Event "Titled Tuesday intern op 03rd Jan Late"]
[Site "Chess.com INT"]
[Date "2025.06.03"]
[Round "9"]
[White "Omariev, Maksim"]
[Black "Ivashentseva, Dominika"]
[Result "0-1"]
[WhiteElo "2304"]
[BlackElo "1921"]
[PlyCount "60"]
[EventDate "2025.06.03"]
[EventType "swiss (blitz)"]
[EventRounds "11"]
[EventCountry "USA"]
[SourceTitle "CB24_2025"]
[SourceDate "2025.06.11"]
[SourceVersion "1"]
[SourceVersionDate "2025.06.11"]
[SourceQuality "1"]

1. a3 d5 2. b3 Nf6 3. c3 c5 4. d3 Nc6 5. e3 e5 6. f3 Be6 7. g3 Bd6 8. Bg2 Qc7 9. Bb2 0-0-0 10. Ne2 Rhe8 11. Nd2 e4 12. fxe4 dxe4 13. d4 Ng4 14. Nf1 Na5 15. c4 Qb6 16. Bc3 cxd4 17. Nxd4 Be5 18. Rb1 Nc6 19. Qe2 Nxd4 20. exd4 Bxd4 21. Bxd4 Qxd4 22. h3 Qc3+ 23. Nd2 e3 24. hxg4 exd2+ 25. Kd1 Qxg3 26. Qf3 Bxg4 27. Qxg4+ Qxg4+ 28. Kc2 Qxg2 29. Kb2 d1Q+ 30. Ka1 Qd4+ 0-1

[Event "Titled Tuesday intern op 03rd Jan Late"]
[Site "Chess.com INT"]
[Date "2025.06.03"]
[Round "11"]
[White "Petrenko, Maryna"]
[Black "Omariev, Maksim"]
[Result "1-0"]
[WhiteElo "2116"]
[BlackElo "2304"]
[PlyCount "71"]
[EventDate "2025.06.03"]
[EventType "swiss (blitz)"]
[EventRounds "11"]
[EventCountry "USA"]
[SourceTitle "CB24_2025"]
[SourceDate "2025.06.11"]
[SourceVersion "1"]
[SourceVersionDate "2025.06.11"]
[SourceQuality "1"]

1. d4 h5 2. Nf3 h4 3. c4 h3 4. gxh3 d6 5. Nc3 Nc6 6. Bg2 e5 7. dxe5 Nxe5 8. Nxe5 dxe5 9. Qxd8+ Kxd8 10. h4 c6 11. f4 Rxh4 12. fxe5 Rxc4 13. Bg5+ Kc7 14. 0-0-0 Be6 15. e4 Bb4 16. Kc2 Bxc3 17. bxc3 Ra4 18. Kb1 Rxa2 19. Bh3 Ra4 20. Bxe6 fxe6 21. Rhf1 Rxe4 22. Rf7+ Kb6 23. Rxg7 Rxe5 24. Bd8+ Ka6 25. Rxg8 Rh5 26. Kb2 Rxh2+ 27. Kb3 c5 28. Rd6+ b6 29. Rg7 e5 30. Rd1 Rh4 31. Bxh4 Kb5 32. Rc7 a5 33. c4+ Ka6 34. Rdd7 e4 35. Re7 e3 36. Rxe3 1-0

[Event "Titled Tuesday intern op 06th May Early"]
[Site "Chess.com INT"]
[Date "2025.05.06"]
[Round "3"]
[White "Omariev, Maksim"]
[Black "Leinov, Roman"]
[Result "1-0"]
[WhiteElo "2304"]
[BlackElo "2120"]
[PlyCount "77"]
[EventDate "2025.05.06"]
[EventType "swiss (blitz)"]
[EventRounds "11"]
[EventCountry "USA"]
[SourceTitle "CB20_2025"]
[SourceDate "2025.05.14"]
[SourceVersion "1"]
[SourceVersionDate "2025.05.14"]
[SourceQuality "1"]

1. g4 h5 2. Bg2 hxg4 3. d4 d6 4. c4 Nf6 5. Nc3 c6 6. e4 Nbd7 7. Be3 e5 8. Nge2 Be7 9. Ng3 g6 10. Qd2 a6 11. 0-0-0 b5 12. Bf1 Qa5 13. Kb1 Rb8 14. Bd3 Nb6 15. cxb5 axb5 16. d5 b4 17. Nce2 c5 18. Rc1 Ra8 19. b3 Ba6 20. Rc2 Bxd3 21. Qxd3 c4 22. bxc4 b3 23. Qxb3 Rb8 24. Rb2 Nfd7 25. Rc1 Na4 26. Qxb8+ Nxb8 27. Rxb8+ Bd8 28. c5 0-0 29. c6 Bc7 30. Rb7 Bb6 31. Bxb6 Nxb6 32. Nc3 Qb4+ 33. Kc2 Qa5 34. Rb1 Nc4 35. R1b3 Na3+ 36. Kd3 Rc8 37. Nf1 f5 38. Nd2 fxe4+ 39. Ndxe4 1-0

[Event "Titled Tuesday intern op 01st Apr Early"]
[Site "Chess.com INT"]
[Date "2025.04.01"]
[Round "7"]
[White "Gorbenko, Rustem"]
[Black "Omariev, Maksim"]
[Result "0-1"]
[WhiteElo "2217"]
[BlackElo "2304"]
[PlyCount "72"]
[EventDate "2025.04.01"]
[EventType "swiss (blitz)"]
[EventRounds "11"]
[EventCountry "USA"]
[SourceTitle "CB15_2025"]
[SourceDate "2025.04.09"]
[SourceVersion "1"]
[SourceVersionDate "2025.04.09"]
[SourceQuality "1"]

1. d4 d5 2. e4 dxe4 3. Nc3 Nf6 4. f3 Bf5 5. fxe4 Nxe4 6. Qf3 Nd6 7. Bf4 e6 8. Bxd6 Bxd6 9. Qxb7 Nd7 10. 0-0-0 0-0 11. Bd3 Rb8 12. Qf3 Qg5+ 13. Kb1 Bg4 14. Qc6 Bxd1 15. Nxd1 Nf6 16. Nf3 Qd5 17. Qa4 Rb4 18. Qa6 Rb6 19. Qa4 Rfb8 20. b3 Rb4 21. Qa6 R4b6 22. Qa4 c5 23. dxc5 Qxc5 24. Qh4 Rb4 25. Qh3 a5 26. Nb2 a4 27. Rf1 h6 28. Nc4 axb3 29. axb3 Nd5 30. Ng5 Nc3+ 31. Kb2 Na4+ 32. Kc1 Qxg5+ 33. Kd1 Nc3+ 34. Ke1 Be7 35. g4 Nd5 36. Qf3 Bf6 0-1

[Event "Titled Tuesday intern op 01st Apr Early"]
[Site "Chess.com INT"]
[Date "2025.04.01"]
[Round "4"]
[White "Porozhniak, Maya"]
[Black "Omariev, Maksim"]
[Result "1-0"]
[WhiteElo "1974"]
[BlackElo "2304"]
[PlyCount "79"]
[EventDate "2025.04.01"]
[EventType "swiss (blitz)"]
[EventRounds "11"]
[EventCountry "USA"]
[SourceTitle "CB15_2025"]
[SourceDate "2025.04.09"]
[SourceVersion "1"]
[SourceVersionDate "2025.04.09"]
[SourceQuality "1"]

1. e4 c5 2. Nf3 d6 3. d4 cxd4 4. c3 Nf6 5. Bd3 dxc3 6. Nxc3 Nc6 7. h3 g6 8. 0-0 Bg7 9. Qe2 0-0 10. Rd1 Nd7 11. a3 Nc5 12. Bc2 Be6 13. Be3 b6 14. Nd4 Nxd4 15. Bxd4 Bb3 16. Bxg7 Kxg7 17. e5 Bxc2 18. Qxc2 Qd7 19. exd6 exd6 20. Rd5 Qe6 21. Rad1 Rfd8 22. Nb5 Nb7 23. Nc7 Qc8 24. Qc3+ Kg8 25. Nxa8 Qxa8 26. Qc7 Rc8 27. Qe7 Re8 28. Qh4 Re6 29. b4 a5 30. Qd4 axb4 31. axb4 Qa4 32. Qxb6 Qd7 33. Qd4 h5 34. Qd2 Qe7 35. g3 Re2 36. Qd4 Qe6 37. Kg2 Kh7 38. Rd3 Re4 39. Qb6 Qe7 40. Rc3 1-0

[Event "Titled Tuesday intern op 25th Mar Early"]
[Site "Chess.com INT"]
[Date "2025.03.25"]
[Round "10"]
[White "Bayo Milagro, Alvaro"]
[Black "Omariev, Maksim"]
[Result "0-1"]
[WhiteElo "2275"]
[BlackElo "2304"]
[PlyCount "116"]
[EventDate "2025.03.25"]
[EventType "swiss (blitz)"]
[EventRounds "11"]
[EventCountry "USA"]
[SourceTitle "CB14_2025"]
[SourceDate "2024.11.01"]
[SourceVersion "1"]
[SourceVersionDate "2024.11.01"]
[SourceQuality "1"]

1. d4 h5 2. e4 h4 3. c4 d6 4. Nc3 e5 5. dxe5 dxe5 6. Qxd8+ Kxd8 7. Nf3 f6 8. Be3 c6 9. 0-0-0+ Kc7 10. g3 hxg3 11. fxg3 Be6 12. Nh4 Bb4 13. Kc2 Ne7 14. a3 Bxc3 15. Kxc3 Nd7 16. b4 a5 17. b5 b6 18. a4 Rh7 19. Be2 Rah8 20. Rd2 g5 21. Nf3 Bg4 22. Rhd1 Nc8 23. bxc6 Kxc6 24. c5 Nxc5 25. Bb5+ Kc7 26. Bxc5 bxc5 27. Rf1 Nd6 28. Rd5 Nxe4+ 29. Kd3 Nd6 30. Rxc5+ Kb7 31. Ke3 Rc7 32. Rxc7+ Kxc7 33. Rc1+ Kb7 34. Bc6+ Kb6 35. Bd5 Nf5+ 36. Kf2 Bxf3 37. Kxf3 Nd4+ 38. Ke4 Rxh2 39. Rb1+ Ka6 40. Rb8 Re2+ 41. Kd3 Re1 42. Ra8+ Kb6 43. Rb8+ Kc5 44. Bf7 e4+ 45. Kd2 Re2+ 46. Kd1 Re3 47. g4 Rd3+ 48. Kc1 e3 49. Bg6 e2 50. Re8 Rd1+ 51. Kb2 e1Q 52. Rc8+ Kd6 53. Rd8+ Ke5 54. Re8+ Ne6 55. Bf5 Qd2+ 56. Kb3 Qb4+ 57. Kc2 Rd2+ 58. Kc1 Qb2# 0-1

[Event "Titled Tuesday intern op 25th Mar Early"]
[Site "Chess.com INT"]
[Date "2025.03.25"]
[Round "2"]
[White "Omariev, Maksim"]
[Black "Yevchenko, Alexander"]
[Result "0-1"]
[WhiteElo "2304"]
[BlackElo "2276"]
[PlyCount "102"]
[EventDate "2025.03.25"]
[EventType "swiss (blitz)"]
[EventRounds "11"]
[EventCountry "USA"]
[SourceTitle "CB14_2025"]
[SourceDate "2024.11.01"]
[SourceVersion "1"]
[SourceVersionDate "2024.11.01"]
[SourceQuality "1"]

1. b3 e5 2. Bb2 Nc6 3. c4 Nf6 4. e3 d5 5. cxd5 Nxd5 6. d3 Bb4+ 7. Nd2 0-0 8. Ngf3 Re8 9. Qc2 Ba5 10. a3 Bg4 11. Be2 Bb6 12. Nc4 f6 13. 0-0 Qe7 14. b4 Rad8 15. Rac1 Nb8 16. Rfe1 c6 17. Nxb6 Nxb6 18. h3 Bh5 19. Ba1 N8d7 20. Rb1 Nf8 21. a4 Nd5 22. b5 c5 23. a5 b6 24. Rec1 Kh8 25. Qa4 Ne6 26. a6 Nb4 27. Qb3 Nc7 28. Qa4 Bg6 29. Rd1 Qd7 30. Rxb4 cxb4 31. d4 exd4 32. Nxd4 Ne6 33. Qxb4 Nc5 34. Nc6 Qxd1+ 35. Bxd1 Rxd1+ 36. Kh2 Rxa1 37. Qd4 Rc1 38. Qd6 Rc2 39. f3 Re2 40. e4 Rc2 41. Qc7 Nd3 42. Nxa7 Ne1 43. Qb7 Rxg2+ 44. Kh1 Rd2 45. Qxb6 Nxf3 46. Qc7 Re2 47. Nc6 Bxe4 48. h4 Nxh4+ 49. Kg1 Nf3+ 50. Kf1 Rd2 51. Ne7 Bd3# 0-1

[Event "Titled Tuesday intern op 11th Mar Early"]
[Site "Chess.com INT"]
[Date "2025.03.11"]
[Round "5"]
[White "King Rodriguez, Os Misael"]
[Black "Omariev, Maksim"]
[Result "1-0"]
[WhiteElo "2045"]
[BlackElo "2304"]
[PlyCount "115"]
[EventDate "2025.03.11"]
[EventType "swiss (blitz)"]
[EventRounds "11"]
[EventCountry "USA"]
[SourceTitle "CB12_2025"]
[SourceDate "2025.03.19"]
[SourceVersion "1"]
[SourceVersionDate "2025.03.19"]
[SourceQuality "1"]

1. b3 e5 2. Bb2 Nc6 3. e3 Nf6 4. Nf3 Bd6 5. d4 exd4 6. Nxd4 0-0 7. Bd3 Re8 8. 0-0 Ne5 9. Be2 Ng6 10. Nd2 c6 11. c4 Bc7 12. N2f3 d5 13. cxd5 Nxd5 14. Bc4 h5 15. e4 Ndf4 16. Nf5 Bxf5 17. Qxd8 Raxd8 18. exf5 Ne5 19. Bxe5 Bxe5 20. Nxe5 Rxe5 21. Rad1 Rxd1 22. Rxd1 Rxf5 23. Rd7 b5 24. Bf1 a5 25. g3 Ng6 26. Ra7 b4 27. Bc4 Ne5 28. Be2 g6 29. Kg2 Ng4 30. Bf3 Rc5 31. h3 Ne5 32. Be2 Rc2 33. Kf1 Rxa2 34. f4 Ra1+ 35. Kf2 Ra3 36. fxe5 Rxb3 37. Bc4 Rb2+ 38. Ke3 b3 39. Bxf7+ Kf8 40. e6 a4 41. Rxa4 Ke7 42. Ra7+ Kf6 43. Bg8 Ra2 44. e7 Rxa7 45. e8Q Re7+ 46. Qxe7+ Kxe7 47. Bxb3 g5 48. Ke4 Kf6 49. g4 hxg4 50. hxg4 Ke7 51. Kf5 c5 52. Kxg5 Kf8 53. Kf6 c4 54. Bxc4 Ke8 55. g5 Kd7 56. g6 Kd6 57. g7 Kc5 58. g8Q 1-0

[Event "Titled Tuesday intern op 11th Mar Early"]
[Site "Chess.com INT"]
[Date "2025.03.11"]
[Round "8"]
[White "Omariev, Maksim"]
[Black "Grellmann, Fabricio Stadler"]
[Result "1-0"]
[WhiteElo "2304"]
[BlackElo "2025"]
[PlyCount "73"]
[EventDate "2025.03.11"]
[EventType "swiss (blitz)"]
[EventRounds "11"]
[EventCountry "USA"]
[SourceTitle "CB12_2025"]
[SourceDate "2025.03.19"]
[SourceVersion "1"]
[SourceVersionDate "2025.03.19"]
[SourceQuality "1"]

1. a3 d5 2. b3 Nf6 3. c3 Bf5 4. d3 e6 5. e3 Bd6 6. f3 c5 7. g3 Nc6 8. Bg2 Qc7 9. Ne2 0-0 10. Bb2 b5 11. 0-0 c4 12. bxc4 bxc4 13. dxc4 dxc4 14. e4 Bg6 15. Bc1 Rfd8 16. Qa4 Ne5 17. Be3 Nd3 18. Nd2 Rac8 19. Qxa7 Qxa7 20. Bxa7 Bc5+ 21. Bxc5 Nxc5 22. Rfd1 Nb3 23. Nxb3 Rxd1+ 24. Rxd1 cxb3 25. Rb1 Rb8 26. Rb2 Nd7 27. Nd4 Nc5 28. Bf1 e5 29. Nc6 Rb6 30. Nxe5 f6 31. Bc4+ Kf8 32. Nd3 Nxd3 33. Bxd3 Bf7 34. Kf2 Ke7 35. Ke3 Kd6 36. Kd4 Ra6 37. Bxa6 1-0

[Event "Titled Tuesday intern op 25th Feb Early"]
[Site "Chess.com INT"]
[Date "2025.02.25"]
[Round "8"]
[White "Habiaga, Raul Adrian"]
[Black "Omariev, Maksim"]
[Result "0-1"]
[WhiteElo "1984"]
[BlackElo "2304"]
[PlyCount "86"]
[EventDate "2025.02.25"]
[EventType "swiss (blitz)"]
[EventRounds "11"]
[EventCountry "USA"]
[SourceTitle "CB10_2025"]
[SourceDate "2025.03.05"]
[SourceVersion "1"]
[SourceVersionDate "2025.03.05"]
[SourceQuality "1"]

1. d4 d5 2. c4 e6 3. Nc3 Nf6 4. cxd5 exd5 5. Bg5 Be7 6. e3 c6 7. Bd3 Bg4 8. Nge2 Bh5 9. 0-0 Bg6 10. Nf4 Nbd7 11. Nxg6 hxg6 12. Qc2 Bd6 13. g3 Rh5 14. f4 Kf8 15. e4 dxe4 16. Nxe4 Be7 17. Rae1 Nb6 18. Bxf6 gxf6 19. Qf2 Rd5 20. f5 Rxf5 21. Qe3 Rxf1+ 22. Rxf1 Kg7 23. g4 Nd5 24. Qf2 Qd7 25. h3 Rd8 26. g5 f5 27. Qh4 fxe4 28. Qh6+ Kg8 29. Rxf7 Kxf7 30. Qh7+ Ke6 31. Qxg6+ Nf6 32. Bc4+ Kd6 33. gxf6 Kc7 34. fxe7 Qxe7 35. Qg3+ Kc8 36. Qg4+ Kb8 37. Qf4+ Ka8 38. Qe3 Qh4 39. Be6 Rf8 40. Bg4 Qf6 41. Qxe4 Qf2+ 42. Kh1 Qxb2 43. Bf5 Qxa2 0-1

[Event "Titled Tuesday intern op 11th Feb Early"]
[Site "Chess.com INT"]
[Date "2025.02.11"]
[Round "11"]
[White "Omariev, Maksim"]
[Black "Kavyev, Ruslan"]
[Result "0-1"]
[WhiteElo "2304"]
[BlackElo "2279"]
[PlyCount "86"]
[EventDate "2025.02.11"]
[EventType "swiss (blitz)"]
[EventRounds "11"]
[EventCountry "USA"]
[SourceTitle "CB08_2025"]
[SourceDate "2025.02.19"]
[SourceVersion "1"]
[SourceVersionDate "2025.02.19"]
[SourceQuality "1"]

1. e4 c5 2. Nf3 d6 3. d4 cxd4 4. Nxd4 Nf6 5. Nc3 a6 6. h3 e5 7. Nde2 h5 8. Bg5 Be6 9. h4 Nbd7 10. Ng3 Rc8 11. Be2 Rxc3 12. bxc3 g6 13. Qd2 Be7 14. a4 Nc5 15. Qe3 Nh7 16. Bxe7 Qxe7 17. Nf1 0-0 18. Nd2 Nf6 19. 0-0 Rc8 20. f4 exf4 21. Rxf4 Nfd7 22. Nf3 Ne5 23. Ng5 Bd7 24. a5 Ne6 25. Nxe6 Bxe6 26. Rb1 Kg7 27. Rb6 Rc5 28. Qd4 Rxa5 29. Rxd6 Kh7 30. g3 Nc6 31. Qd2 Ra1+ 32. Kg2 Ne5 33. Qd4 Nc6 34. Qd2 Ne5 35. Rd8 Bg4 36. Bxg4 hxg4 37. Qd4 Rc1 38. Rf2 a5 39. Ra8 a4 40. Qxa4 Nf3 41. Rxf3 gxf3+ 42. Kxf3 Qf6+ 43. Ke3 Re1+ 0-1

[Event "Titled Tuesday intern op 11th Feb Early"]
[Site "Chess.com INT"]
[Date "2025.02.11"]
[Round "6"]
[White "Zoar Haque, Prodhan"]
[Black "Omariev, Maksim"]
[Result "0-1"]
[WhiteElo "1947"]
[BlackElo "2304"]
[PlyCount "94"]
[EventDate "2025.02.11"]
[EventType "swiss (blitz)"]
[EventRounds "11"]
[EventCountry "USA"]
[SourceTitle "CB08_2025"]
[SourceDate "2025.02.19"]
[SourceVersion "1"]
[SourceVersionDate "2025.02.19"]
[SourceQuality "1"]

1. e4 c5 2. Nf3 d6 3. c4 e5 4. Nc3 Nc6 5. d3 g6 6. Be2 Bg7 7. 0-0 Nge7 8. h3 h6 9. Nd5 Be6 10. a3 Qd7 11. Rb1 0-0 12. Be3 f5 13. b4 f4 14. Bd2 b6 15. b5 Nd8 16. Kh2 Bf6 17. Nxf6+ Rxf6 18. Ng1 h5 19. Bf3 Bf7 20. Ne2 Ne6 21. Bc3 Ng5 22. Ng1 Kh7 23. Bb2 Kh6 24. Qe2 Ne6 25. a4 g5 26. Qd1 Rg8 27. g4 fxg3+ 28. fxg3 Ng6 29. Qe2 h4 30. Bg4 hxg3+ 31. Kxg3 Qe7 32. Rxf6 Qxf6 33. Rf1 Nef4 34. Qf2 Be6 35. Bc1 Kg7 36. Bxf4 Nxf4 37. Qf3 Rh8 38. Rf2 Kf7 39. Rf1 Ke7 40. Rf2 Rh4 41. Rf1 Bxg4 42. hxg4 Qh6 43. Kf2 Rh2+ 44. Ke1 Qh4+ 45. Kd1 Ra2 46. Kc1 Qh2 47. Qe3 Qc2# 0-1

[Event "Titled Tuesday intern op 04th Feb Early"]
[Site "Chess.com INT"]
[Date "2025.02.04"]
[Round "2"]
[White "Csonka, Balazs"]
[Black "Omariev, Maksim"]
[Result "1-0"]
[WhiteElo "2473"]
[BlackElo "2304"]
[PlyCount "115"]
[EventDate "2025.02.04"]
[EventType "swiss (blitz)"]
[EventRounds "11"]
[EventCountry "USA"]
[SourceTitle "CB07_2025"]
[SourceDate "2025.02.12"]
[SourceVersion "1"]
[SourceVersionDate "2025.02.12"]
[SourceQuality "1"]

1. e4 c5 2. Nc3 d6 3. d4 cxd4 4. Qxd4 e6 5. b3 Ne7 6. Bb2 Nec6 7. Qd2 Be7 8. 0-0-0 a6 9. Kb1 b5 10. f4 Bb7 11. Nf3 Nd7 12. h4 Nc5 13. Qe3 Qc7 14. h5 h6 15. g4 0-0-0 16. Bg2 Kb8 17. Rhe1 Rc8 18. Rc1 Bf6 19. e5 Be7 20. exd6 Bxd6 21. Ne2 Rhg8 22. Ne5 Nxe5 23. fxe5 Be7 24. Bxb7 Qxb7 25. Rcd1 Rgd8 26. Rxd8 Rxd8 27. Nd4 Rd5 28. Rf1 Bg5 29. Qf3 Rd7 30. Nc6+ Ka8 31. Ba3 Rc7 32. Bxc5 Qxc6 33. Qxc6+ Rxc6 34. Bf8 f6 35. Bxg7 fxe5 36. Bxe5 Rc5 37. Re1 Rd5 38. c4 bxc4 39. bxc4 Rc5 40. Re4 Kb7 41. Kc2 Kc6 42. a4 Kd7 43. Kb3 a5 44. Bg7 Kd6 45. Bf8+ Be7 46. Bxh6 Kd7 47. Be3 Rc8 48. g5 Rb8+ 49. Kc2 Rg8 50. g6 Bf6 51. Rg4 Ke7 52. h6 e5 53. h7 Rc8 54. g7 Bxg7 55. Rxg7+ Kf6 56. Rg8 Rxc4+ 57. Kd3 Rh4 58. Bg5+ 1-0

[Event "Titled Tuesday intern op 04th Feb Early"]
[Site "Chess.com INT"]
[Date "2025.02.04"]
[Round "5"]
[White "Munoz, Francisco Javier"]
[Black "Omariev, Maksim"]
[Result "1-0"]
[WhiteElo "2389"]
[BlackElo "2304"]
[PlyCount "77"]
[EventDate "2025.02.04"]
[EventType "swiss (blitz)"]
[EventRounds "11"]
[EventCountry "USA"]
[SourceTitle "CB07_2025"]
[SourceDate "2025.02.12"]
[SourceVersion "1"]
[SourceVersionDate "2025.02.12"]
[SourceQuality "1"]

1. e4 c5 2. Nc3 d6 3. d4 cxd4 4. Qxd4 e6 5. b3 Ne7 6. Bb2 Nec6 7. Qe3 Be7 8. 0-0-0 0-0 9. Kb1 a6 10. h4 b5 11. g4 Nd7 12. g5 Nc5 13. f4 b4 14. Nce2 a5 15. h5 a4 16. Nc1 axb3 17. cxb3 Bd7 18. Nf3 Ra5 19. Nd4 Qb6 20. Bg2 Qa7 21. Nxc6 Bxc6 22. Qd4 e5 23. fxe5 Ne6 24. Qxa7 Rxa7 25. exd6 Bxg5 26. Rhg1 Rd8 27. Bh1 f6 28. e5 Bxh1 29. Rxh1 Kf7 30. Rhe1 Rad7 31. Re4 Rb7 32. Rc4 Bf4 33. Nd3 fxe5 34. Bxe5 Bg5 35. Rf1+ Bf6 36. h6 Kg6 37. hxg7 Bxg7 38. Rg4+ Kh5 39. Rg2 1-0

[Event "Titled Tuesday intern op 04th Feb Early"]
[Site "Chess.com INT"]
[Date "2025.02.04"]
[Round "6"]
[White "Omariev, Maksim"]
[Black "Monpeurt, Cyrielle"]
[Result "1-0"]
[WhiteElo "2304"]
[BlackElo "2166"]
[PlyCount "59"]
[EventDate "2025.02.04"]
[EventType "swiss (blitz)"]
[EventRounds "11"]
[EventCountry "USA"]
[SourceTitle "CB07_2025"]
[SourceDate "2025.02.12"]
[SourceVersion "1"]
[SourceVersionDate "2025.02.12"]
[SourceQuality "1"]

1. a4 g6 2. a5 Bg7 3. h4 h5 4. d4 c5 5. c3 cxd4 6. cxd4 d5 7. Bf4 Nc6 8. e3 Nf6 9. Nc3 Nxa5 10. Nb5 0-0 11. Bc7 Qd7 12. Bxa5 Ne4 13. Nf3 Qf5 14. Bd3 Bd7 15. Nc3 Rac8 16. Bb4 Rfe8 17. Rxa7 Qg4 18. 0-0 Bc6 19. Bxe4 dxe4 20. Ne5 Qxh4 21. Nxc6 Rxc6 22. Rxb7 e5 23. d5 Rcc8 24. d6 Red8 25. Qd5 Qf6 26. Nxe4 Qf5 27. d7 Ra8 28. Be7 h4 29. Bxh4 g5 30. Bxg5 1-0